Acuarelas
Gespeichert in:
| 1. Verfasser: | |
|---|---|
| Weitere Verfasser: | |
| Format: | keine Angabe |
| Sprache: | Spanisch |
| Erschienen: |
2-Buenos Aires,Argentina
Editorial Kapelusz S A
1984
|
| Ausgabe: | 4ª ed. |
| Katalog: | MANES: Suchergebnis im Bibliothekskatalog |
| Schulbuchspezifische Eigenschaften: |
|
| Tags: |
Tag hinzufügen
Keine Tags, Fügen Sie den ersten Tag hinzu!
|
| Hinzugefügt zu: | 26.04.2016 |
MARC
| LEADER | 000000000a22000000004500 | ||
|---|---|---|---|
| 001 | 14847 | ||
| 003 | OSt | ||
| 008 | 160427s sp ||||| |||| 00| 0 spa d | ||
| 041 | 1 | |a spa | |
| 040 | |c centro_manes | ||
| 691 | 7 | |a PRI | |
| 100 | 1 | |a Bavio, A |b Autor |9 10182 | |
| 690 | 0 | |a EyL | |
| 700 | 1 | |a Martínez Koch |b Ilustrador |9 10108 | |
| 245 | 0 | 0 | |a Acuarelas |
| 250 | |a 4ª ed. | ||
| 260 | 3 | |a 2-Buenos Aires,Argentina |b Editorial Kapelusz S A |c 1984 | |
| 300 | |a 146 p. |c 23 x 16 cm. | ||
| 500 | |a La primera edición del libro es del año 1980 y fue hecha en Madrid, España |a nivel: Libro para tercer grado. | ||
| 942 | |2 ddc |c BK | ||
| 546 | |a Argentina | ||
| 999 | |c 20821 |d 20821 | ||
| 999 | |c manes:20821 |d 20821 | ||